Biblioteca y Centro de Documentación

Vista normal Vista MARC

Entrada Título Uniforme

Número de registros utilizados en: 5

001 - NÚMERO DE CONTROL

  • Campo de control: 37581

003 - IDENTIFICADOR DE NÚMERO DE CONTROL

  • Campo de control: ES-MaCES

005 - FECHA Y HORA DE LA ULTIMA MODIFICACION

  • Campo de control: 20161229105111.0

008 - ELEMENTOS DE DATOS DE LONGITUD FIJA

  • Campo de longitud fija: 161201|| azz||aabn | a|a d

040 ## - FUENTE DE LA CATALOGACIÓN

  • Agencia original de catalogación: ES-MaCES

130 #4 - ENCABEZAMIENTO--TÍTULO UNIFORME

  • Título uniforme: CETA

430 ## - TRAZADO VEÁSE--TÍTULO UNIFORME

  • Título uniforme: Acuerdo Económico y Comercial Global UE-Canadá

430 ## - TRAZADO VEÁSE--TÍTULO UNIFORME

  • Título uniforme: Comprehensive Economic Trade Agreement

430 ## - TRAZADO VEÁSE--TÍTULO UNIFORME

  • Título uniforme: AECG

670 ## - FUENTE DE DATOS ENCONTRADOS

  • Fuente de citación: CD del CES
  • Información encontrada: Acuerdo económico y comercial global de la UE con Canadá (Comprehensive Economic Trade Agreement en inglés)
© CES, Consejo Económico y Social de España 2021